Entretien avec Ève Chiapello (notice n° 2224927)

détails MARC
000 -LEADER
fixed length control field 01981cam a2200157 4500500
005 - DATE AND TIME OF LATEST TRANSACTION
control field 20260426014343.0
041 ## - LANGUAGE CODE
Language code of text/sound track or separate title fre
042 ## - AUTHENTICATION CODE
Authentication code dc
100 10 - MAIN ENTRY--PERSONAL NAME
Personal name Boussard, Valérie
Relator term author
245 00 - TITLE STATEMENT
Title Entretien avec Ève Chiapello
260 ## - PUBLICATION, DISTRIBUTION, ETC.
Date of publication, distribution, etc. 2005.<br/>
500 ## - GENERAL NOTE
General note 82
520 ## - SUMMARY, ETC.
Summary, etc. Objetivo: Este estudio pretende evaluar el nivel de implementación de las intervenciones de seguridad vial en Benín. Método: Se trata de una investigación evaluativa sobre la seguridad vial que pretende hacer un análisis lógico de las intervenciones realizadas en el ámbito de la seguridad vial en Benín. Combinó una revisión de la literatura gris con un componente cualitativo. Los datos, procedentes de las estructuras implicadas en la gestión de la seguridad vial, se recolectaron mediante la explotación de documentos y mediante entrevistas. Resultados: La seguridad vial era una prioridad nacional con una institución líder y varias estructuras implicadas. Faltaba un espacio para la concertación de las partes interesadas y eran insuficientes los documentos marco, los recursos, la legislación y los datos de estudios. Pocas vías estaban en buen estado y muy pocas permitían la separación de las dos ruedas. El parque automotor estaba anticuado. Se llevaron a cabo varias actividades para sensibilizar y educar a la población y hacer cumplir las leyes, pero fueron insuficientes y mal coordinadas. Los hospitales de referencia tenían un servicio mínimo para atender los casos de trauma. Las intervenciones aún no habían permitido reducir el número de heridos y de víctimas mortales por accidente, el cual era fluctuante. Conclusión: Benín ha realizado grandes esfuerzos en el ámbito de la seguridad vial. Sin embargo, todavía hay que tener en cuenta algunas deficiencias.
786 0# - DATA SOURCE ENTRY
Note Sociologies pratiques | 10 | 1 | 2005-03-01 | p. 9-12 | 1235-9278
856 41 - ELECTRONIC LOCATION AND ACCESS
Uniform Resource Identifier <a href="https://shs.cairn.info/revue-sociologies-pratiques-2005-1-page-9?lang=fr&redirect-ssocas=7080">https://shs.cairn.info/revue-sociologies-pratiques-2005-1-page-9?lang=fr&redirect-ssocas=7080</a>

Pas d'exemplaire disponible.

PLUDOC

PLUDOC est la plateforme unique et centralisée de gestion des bibliothèques physiques et numériques de Guinée administré par le CEDUST. Elle est la plus grande base de données de ressources documentaires pour les Étudiants, Enseignants chercheurs et Chercheurs de Guinée.

Adresse

627 919 101/664 919 101

25 boulevard du commerce
Kaloum, Conakry, Guinée

Réseaux sociaux

Powered by Netsen Group @ 2025